000 02894nam0a2200373 4500
001 RU\NLR\BIBL_A\012089789
005 20191016145733.0
010 _a978-5-6041227-9-2
_9120
021 _aRU
_bКН-П-19-057561
_9КН-П-19-4129
035 _a(NLR Aleph) 012089789
035 _a(RuMoRGB)010059729
090 _a11848542
_c11848542
100 _a20190909d2018 k y0rusy50 ca
101 0 _arus
102 _aRU
105 _aa zzzz100|y
200 1 _aСлавянский мир: духовные традиции и словесность
_eсборник статей Областных юношеских научно-практических чтений (конференции), приуроченных к празднованию Дня славянской письменности и культуры, 23 мая 2018, [г. Тара]
_fФилиал Федерального государственного бюджетного образовательного учреждения высшего образования "Омский государственный педагогический университет" в г. Таре
_g[редакционная коллегия: к.филол.н. Ефимова Татьяна Александровна, к.п.н., доц. Киселева Наталья Александровна]
210 _aОмск
_cИздательский центр КАН
_d2018
215 _a186 с.
_cил., табл.
_d29
320 _aБиблиогр. в конце ст.
327 1 _aВ сб. также: Работы победителей конкурса эссэ "Дорога в храм: уроки нравственности"
606 1 _aРусская филология
_jСъезды, совещания и т.п
_91533718
_3RU\NLR\AUTH\66969420
686 1 _aШ041.2я431
702 1 _4340
_7ca
_8rus
_aЕфимова
_bТ. А.
_cканд. филол. наук
_gТатьяна Александровна
_9191508
_3RU\NLR\AUTH\770191559
711 1 2 _a"Славянский мир: духовные традиции и словесностьсборник статей", областные юношеские научно-практические чтения (конференция)
_eТара
_f2018
_9678089
_3RU\NLR\AUTH\880508932
711 1 2 _a"Дорога в храм: уроки нравственности", конкурс эссе
_eТара
_f2018
_9678096
_3RU\NLR\AUTH\880508935
712 0 2 _4557
_aОмский государственный педагогический университет
_bТарский филиал
_9611303
_3RU\NLR\AUTH\8810055371
942 _cBOOK
980 _aNBR
980 _aNB